[Event "DVM U14 2023"]
[Site "Magdeburg GER"]
[Date "2023.12.28"]
[Round "3"]
[White "da Costa Silva, Pepe"]
[Black "Tritschler, Marek"]
[Result "1-0"]
[Termination "normal"]
[Board "8.4"]
[WhiteElo "1087"]
[BlackElo "1159"]
[WhiteClock "01:18:46"]
[BlackClock "01:18:09"]
[WhiteTeam "SK König Plauen"]
[BlackTeam "SC Untergrombach 46"]
[PlyCount "51"]
[WhiteFideId "16282000"]
[BlackFideId "34640550"]
[EventCountry "GER"]
[EventRounds "7"]
[EventType "team-swiss"]
[EventDate "2023.12.26"]

1. e4 {[%clk 01:30:58]} e5 {[%clk 01:30:56]} {[%emt 00:00:05]} 2. Nf3 {[%clk
01:31:23]} {[%emt 00:00:04]} Nc6 {[%clk 01:31:18]} {[%emt 00:00:09]} 3. Bc4
{[%clk 01:31:45]} {[%emt 00:00:08]} Bc5 {[%clk 01:31:40]} {[%emt 00:00:08]} 4.
c3 {[%clk 01:32:05]} {[%emt 00:00:10]} Nf6 {[%clk 01:32:02]} {[%emt 00:00:09]}
5. d4 {[%clk 01:31:10]} {[%emt 00:01:25]} exd4 {[%clk 01:32:26]} {[%emt
00:00:05]} 6. cxd4 {[%clk 01:31:34]} {[%emt 00:00:06]} Bb4+ {[%clk 01:32:53]}
{[%emt 00:00:03]} 7. Nc3 {[%clk 01:31:58]} {[%emt 00:00:06]} d5 {[%clk
01:33:12]} {[%emt 00:00:10]} 8. exd5 {[%clk 01:31:33]} {[%emt 00:00:55]} Nxd5
{[%clk 01:33:36]} {[%emt 00:00:07]} 9. O-O {[%emt 00:00:29]} O-O {[%emt
00:00:04]} 10. Nxd5 {[%clk 01:31:09]} {[%emt 00:00:20]} Be6 {[%clk 01:33:51]}
{[%emt 00:00:15]} 11. Nxb4 {[%clk 01:30:29]} {[%emt 00:01:10]} Bxc4 {[%clk
01:34:09]} {[%emt 00:00:12]} 12. Nxc6 {[%clk 01:30:53]} {[%emt 00:00:07]} bxc6
{[%clk 01:34:11]} {[%emt 00:00:27]} 13. Re1 {[%clk 01:31:00]} {[%emt 00:00:23]}
Qf6 {[%clk 01:34:12]} {[%emt 00:00:29]} 14. Be3 {[%clk 01:30:25]} {[%emt
00:01:05]} Rad8 {[%clk 01:34:26]} {[%emt 00:00:17]} 15. Bg5 {[%clk 01:29:25]}
{[%emt 00:01:30]} Qd6 {[%clk 01:32:40]} {[%emt 00:02:16]} 16. Bxd8 {[%clk
01:29:05]} {[%emt 00:00:50]} Rxd8 {[%clk 01:33:09]} {[%emt 00:00:01]} 17. Rc1
{[%clk 01:25:37]} {[%emt 00:03:58]} Bb5 {[%clk 01:33:18]} {[%emt 00:00:21]} 18.
Qd2 {[%clk 01:24:45]} {[%emt 00:01:22]} h6 {[%clk 01:33:04]} {[%emt 00:00:44]}
19. Qe3 {[%clk 01:23:46]} {[%emt 00:01:28]} Qd5 {[%clk 01:31:57]} {[%emt
00:01:37]} 20. a3 {[%clk 01:21:58]} {[%emt 00:02:19]} Ba6 {[%clk 01:28:32]}
{[%emt 00:03:54]} 21. Qe7 {[%clk 01:20:25]} {[%emt 00:02:03]} Rd7 {[%clk
01:27:54]} {[%emt 00:01:08]} 22. Qc5 {[%clk 01:19:45]} {[%emt 00:01:11]} Qb3
{[%clk 01:25:13]} {[%emt 00:03:11]} 23. Re8+ {[%emt 00:01:06]} Kh7 {[%emt
00:00:57]} 24. Qf5+ {[%clk 01:18:08]} {[%emt 00:00:04]} g6 {[%clk 01:25:21]}
{[%emt 00:00:21]} 25. Qf6 {[%clk 01:18:29]} {[%emt 00:00:09]} Re7 {[%clk
01:18:09]} {[%emt 00:07:42]} 26. Rh8# {[%clk 01:18:46]} {[%emt 00:00:12]} 1-0

[Event "DVM U14 2023"]
[Site "Magdeburg GER"]
[Date "2023.12.28"]
[Round "3"]
[White "Blodig, Vincent"]
[Black "Beberhold, Otto Richard"]
[Result "1-0"]
[Termination "normal"]
[Board "9.1"]
[WhiteElo "1921"]
[BlackElo "1447"]
[WhiteClock "01:11:49"]
[BlackClock "01:08:00"]
[WhiteTeam "SF Augsburg"]
[BlackTeam "SSV Vimaria 91 Weimar"]
[PlyCount "32"]
[WhiteFideId "16297857"]
[BlackFideId "34617248"]
[EventCountry "GER"]
[EventRounds "7"]
[EventType "team-swiss"]
[EventDate "2023.12.26"]

1. e4 {[%clk 01:30:57]} {[%emt 00:00:03]} c5 {[%clk 01:30:54]} {[%emt
00:00:06]} 2. Nf3 {[%clk 01:31:20]} {[%emt 00:00:07]} Nc6 {[%clk 01:31:18]} 3.
d4 {[%clk 01:31:44]} {[%emt 00:00:12]} cxd4 {[%clk 01:31:44]} 4. Nxd4 {[%clk
01:32:02]} {[%emt 00:00:17]} e5 {[%clk 01:32:07]} 5. Nb5 {[%clk 01:32:24]}
{[%emt 00:00:14]} d6 {[%clk 01:32:31]} 6. N1c3 {[%clk 01:29:53]} {[%emt
00:03:07]} a6 {[%clk 01:32:54]} 7. Na3 {[%clk 01:29:53]} Be7 {[%clk 01:32:54]}
8. Nd5 {[%clk 01:29:53]} Nf6 {[%clk 01:32:54]} 9. Nxf6+ {[%clk 01:29:53]} Bxf6
{[%clk 01:32:54]} 10. Nc4 {[%clk 01:29:53]} Be7 {[%clk 01:32:54]} 11. g3 {[%clk
01:29:53]} b5 {[%clk 01:32:54]} 12. Ne3 {[%clk 01:19:18]} {[%emt 00:18:32]} h5
{[%clk 01:30:13]} 13. h4 {[%clk 01:16:24]} {[%emt 00:04:16]} Be6 {[%clk
01:15:21]} {[%emt 00:02:19]} 14. a4 {[%clk 01:11:49]} b4 {[%clk 01:15:21]} 15.
Bc4 {[%clk 01:11:49]} {[%emt 00:19:07]} Bxc4 {[%clk 01:08:00]} 16. Nxc4 {[%clk
01:11:49]} Qc7 {[%clk 01:08:00]} 1-0

[Event "DVM U14 2023"]
[Site "Magdeburg GER"]
[Date "2023.12.28"]
[Round "3"]
[White "Bock, Leonas"]
[Black "Schrimpf, Michael"]
[Result "1/2-1/2"]
[Termination "normal"]
[Board "9.2"]
[WhiteElo "1302"]
[BlackElo "1513"]
[WhiteClock "00:40:55"]
[BlackClock "00:24:18"]
[WhiteTeam "SSV Vimaria 91 Weimar"]
[BlackTeam "SF Augsburg"]
[PlyCount "143"]
[WhiteFideId "16287118"]
[BlackFideId "1676237"]
[EventCountry "GER"]
[EventRounds "7"]
[EventType "team-swiss"]
[EventDate "2023.12.26"]

1. e4 {[%clk 01:30:53]} {[%emt 00:00:06]} e6 {[%clk 01:30:53]} {[%emt
00:00:08]} 2. d4 {[%clk 01:29:45]} {[%emt 00:01:38]} d5 {[%clk 01:31:21]}
{[%emt 00:00:02]} 3. exd5 {[%clk 01:28:07]} {[%emt 00:02:08]} exd5 {[%clk
01:31:48]} {[%emt 00:00:02]} 4. Nf3 {[%clk 01:28:11]} {[%emt 00:00:27]} Nf6
{[%clk 01:32:11]} {[%emt 00:00:06]} 5. Bf4 {[%clk 01:27:18]} {[%emt 00:01:23]}
Bd6 {[%clk 01:31:31]} {[%emt 00:01:11]} 6. Bxd6 {[%clk 01:26:32]} {[%emt
00:01:16]} Qxd6 {[%clk 01:31:57]} {[%emt 00:00:03]} 7. Nc3 {[%clk 01:26:18]}
{[%emt 00:00:44]} c6 {[%clk 01:31:20]} {[%emt 00:01:06]} 8. Bd3 {[%clk
01:23:41]} {[%emt 00:03:08]} O-O {[%clk 01:30:47]} {[%emt 00:01:02]} 9. O-O
{[%clk 01:24:04]} {[%emt 00:00:07]} Bg4 {[%clk 01:29:23]} {[%emt 00:01:53]} 10.
h3 {[%clk 01:23:30]} {[%emt 00:01:04]} Bh5 {[%clk 01:29:20]} {[%emt 00:00:33]}
11. Re1 {[%clk 01:17:57]} {[%emt 00:06:04]} Nbd7 {[%clk 01:27:15]} {[%emt
00:02:34]} 12. Be2 {[%clk 01:12:57]} {[%emt 00:05:30]} Rfe8 {[%clk 01:18:49]}
{[%emt 00:08:57]} 13. Qd2 {[%clk 01:06:55]} {[%emt 00:06:32]} Ne4 {[%clk
01:05:46]} {[%emt 00:13:33]} 14. Nxe4 {[%clk 01:05:40]} {[%emt 00:01:44]} Rxe4
{[%clk 01:03:50]} {[%emt 00:02:25]} 15. Ng5 {[%clk 01:04:14]} {[%emt 00:01:57]}
Rxe2 {[%clk 01:02:05]} {[%emt 00:02:16]} 16. Rxe2 {[%clk 01:04:26]} {[%emt
00:00:18]} Bxe2 {[%clk 01:02:31]} {[%emt 00:00:03]} 17. Qxe2 {[%clk 01:04:46]}
{[%emt 00:00:10]} Nf6 {[%clk 01:00:13]} {[%emt 00:02:48]} 18. Re1 {[%clk
01:04:55]} {[%emt 00:00:21]} h6 {[%clk 00:58:38]} {[%emt 00:02:04]} 19. Nf3
{[%clk 01:04:41]} {[%emt 00:00:45]} Re8 {[%clk 00:58:11]} {[%emt 00:00:58]} 20.
Qd3 {[%clk 00:55:45]} {[%emt 00:09:26]} Rxe1+ {[%clk 00:57:03]} {[%emt
00:01:38]} 21. Nxe1 {[%clk 00:55:47]} {[%emt 00:00:27]} Ne4 {[%clk 00:49:44]}
{[%emt 00:07:48]} 22. Qe3 {[%clk 00:49:38]} {[%emt 00:06:38]} Qe6 {[%clk
00:31:57]} {[%emt 00:18:18]} 23. Nd3 {[%clk 00:45:18]} {[%emt 00:04:50]} Ng5
{[%clk 00:28:54]} {[%emt 00:03:33]} 24. Qxe6 {[%clk 00:43:01]} {[%emt
00:02:47]} Nxe6 {[%clk 00:29:05]} {[%emt 00:00:19]} 25. c3 {[%clk 00:43:07]}
{[%emt 00:00:24]} Kf8 {[%clk 00:25:51]} {[%emt 00:03:43]} 26. f3 {[%clk
00:42:11]} {[%emt 00:01:27]} Ke7 {[%clk 00:25:56]} {[%emt 00:00:26]} 27. Kf2
{[%clk 00:42:36]} {[%emt 00:00:06]} Kd6 {[%clk 00:24:41]} {[%emt 00:01:44]} 28.
Ke3 {[%clk 00:39:53]} {[%emt 00:03:13]} b6 {[%clk 00:21:20]} {[%emt 00:03:52]}
29. b4 {[%clk 00:35:26]} {[%emt 00:04:56]} Nc7 {[%clk 00:11:47]} {[%emt
00:10:04]} 30. a4 {[%clk 00:33:57]} {[%emt 00:01:58]} Ne6 {[%emt 00:00:58]} 31.
h4 {[%clk 00:26:04]} {[%emt 00:08:22]} c5 {[%clk 00:05:10]} {[%emt 00:06:39]}
32. dxc5+ {[%clk 00:16:41]} {[%emt 00:09:53]} bxc5 {[%clk 00:05:30]} {[%emt
00:00:11]} 33. bxc5+ {[%clk 00:17:05]} {[%emt 00:00:06]} Nxc5 {[%clk 00:05:48]}
{[%emt 00:00:12]} 34. Nxc5 {[%clk 00:17:29]} {[%emt 00:00:06]} Kxc5 {[%clk
00:06:14]} {[%emt 00:00:05]} 35. Kd3 {[%clk 00:17:50]} {[%emt 00:00:08]} f5
{[%clk 00:03:23]} {[%emt 00:03:20]} 36. g4 {[%clk 00:10:20]} {[%emt 00:08:00]}
fxg4 {[%clk 00:03:24]} {[%emt 00:00:30]} 37. fxg4 {[%emt 00:00:06]} g5 {[%clk
00:03:46]} {[%emt 00:00:06]} 38. hxg5 {[%clk 00:10:17]} {[%emt 00:00:59]} hxg5
{[%clk 00:04:14]} {[%emt 00:00:02]} 39. Ke3 {[%clk 00:09:20]} {[%emt 00:01:27]}
Kc4 {[%clk 00:04:09]} {[%emt 00:00:36]} 40. Kd2 {[%clk 00:09:36]} {[%emt
00:00:14]} a5 {[%clk 00:02:45]} {[%emt 00:01:55]} 41. Kc2 {[%clk 00:09:59]}
{[%emt 00:00:06]} d4 {[%clk 00:29:23]} {[%emt 00:03:51]} 42. cxd4 {[%clk
00:38:46]} {[%emt 00:01:43]} Kxd4 {[%clk 00:29:43]} {[%emt 00:00:11]} 43. Kd2
{[%clk 00:38:27]} {[%emt 00:00:49]} Ke4 {[%clk 00:28:14]} {[%emt 00:02:00]} 44.
Kc3 {[%clk 00:38:48]} {[%emt 00:00:08]} Kf4 {[%clk 00:28:38]} {[%emt 00:00:05]}
45. Kc4 {[%clk 00:39:09]} {[%emt 00:00:09]} Kxg4 {[%clk 00:29:03]} {[%emt
00:00:05]} 46. Kb5 {[%clk 00:39:37]} {[%emt 00:00:03]} Kf4 {[%clk 00:29:24]}
{[%emt 00:00:09]} 47. Kxa5 {[%clk 00:40:03]} {[%emt 00:00:03]} g4 {[%clk
00:29:49]} {[%emt 00:00:06]} 48. Kb6 {[%clk 00:40:26]} {[%emt 00:00:07]} g3
{[%clk 00:30:13]} {[%emt 00:00:06]} 49. a5 {[%clk 00:40:50]} {[%emt 00:00:07]}
g2 {[%clk 00:30:36]} {[%emt 00:00:06]} 50. a6 {[%clk 00:41:14]} {[%emt
00:00:07]} g1=Q+ {[%clk 00:30:56]} {[%emt 00:00:09]} 51. Kb7 {[%clk 00:41:28]}
{[%emt 00:00:17]} Qb1+ {[%clk 00:31:01]} {[%emt 00:00:24]} 52. Ka8 {[%clk
00:40:00]} {[%emt 00:01:59]} Qb6 {[%clk 00:31:04]} {[%emt 00:00:26]} 53. a7
{[%clk 00:40:22]} {[%emt 00:00:09]} Qd8+ {[%clk 00:31:31]} {[%emt 00:00:03]}
54. Kb7 {[%clk 00:40:22]} {[%emt 00:00:30]} Qd7+ {[%clk 00:31:54]} {[%emt
00:00:05]} 55. Kb8 {[%clk 00:40:27]} {[%emt 00:00:27]} Qb5+ {[%clk 00:24:22]}
{[%emt 00:08:02]} 56. Ka8 {[%clk 00:40:40]} {[%emt 00:00:17]} Qc6+ {[%clk
00:24:42]} {[%emt 00:00:10]} 57. Kb8 {[%clk 00:41:02]} {[%emt 00:00:07]} Qd6+
{[%clk 00:23:21]} {[%emt 00:01:51]} 58. Kb7 {[%clk 00:39:39]} {[%emt 00:01:54]}
Qe7+ {[%clk 00:22:12]} {[%emt 00:01:39]} 59. Kb8 {[%clk 00:39:59]} {[%emt
00:00:11]} Qb4+ {[%clk 00:22:03]} {[%emt 00:00:38]} 60. Ka8 {[%clk 00:40:10]}
{[%emt 00:00:19]} Qe4+ {[%clk 00:22:24]} {[%emt 00:00:08]} 61. Kb8 {[%clk
00:40:27]} {[%emt 00:00:13]} Qe8+ {[%clk 00:21:43]} {[%emt 00:01:11]} 62. Kb7
{[%clk 00:40:51]} {[%emt 00:00:07]} Ke5 {[%clk 00:21:27]} {[%emt 00:00:46]} 63.
a8=Q {[%emt 00:00:11]} Qb5+ {[%emt 00:00:05]} 64. Kc7 {[%clk 00:40:19]} {[%emt
00:00:45]} Qc5+ {[%clk 00:21:44]} {[%emt 00:00:12]} 65. Qc6 {[%clk 00:40:37]}
{[%emt 00:00:12]} Qa7+ {[%clk 00:22:07]} {[%emt 00:00:07]} 66. Qb7 {[%clk
00:40:57]} {[%emt 00:00:11]} Qa5+ {[%clk 00:22:32]} {[%emt 00:00:06]} 67. Qb6
{[%clk 00:41:04]} {[%emt 00:00:22]} Qc3+ {[%clk 00:22:50]} {[%emt 00:00:12]}
68. Qc6 {[%clk 00:41:17]} {[%emt 00:00:19]} Qa5+ {[%clk 00:23:04]} {[%emt
00:00:15]} 69. Qb6 {[%clk 00:41:30]} {[%emt 00:00:16]} Qc3+ {[%clk 00:23:32]}
{[%emt 00:00:02]} 70. Qc6 {[%clk 00:41:33]} {[%emt 00:00:27]} Qa5+ {[%clk
00:23:49]} {[%emt 00:00:13]} 71. Qb6 {[%clk 00:40:32]} {[%emt 00:01:31]} Qxb6+
{[%clk 00:24:18]} {[%emt 00:00:02]} 72. Kxb6 {[%clk 00:40:55]} {[%emt
00:00:06]} 1/2-1/2

[Event "DVM U14 2023"]
[Site "Magdeburg GER"]
[Date "2023.12.28"]
[Round "3"]
[White "Rempel, Alexander"]
[Black "Kalinin, Alexej"]
[Result "1-0"]
[Termination "normal"]
[Board "9.3"]
[WhiteElo "1659"]
[BlackElo "1376"]
[WhiteTeam "SF Augsburg"]
[BlackTeam "SSV Vimaria 91 Weimar"]
[PlyCount "67"]
[WhiteFideId "34618600"]
[BlackFideId "34617167"]
[EventCountry "GER"]
[EventRounds "7"]
[EventType "team-swiss"]
[EventDate "2023.12.26"]

1. e4 {[%emt 00:13:25]} c6 {[%emt 00:00:13]} 2. Nf3 {[%emt 00:00:06]} d5 {[%emt
00:00:50]} 3. d3 {[%emt 00:00:06]} dxe4 {[%emt 00:04:03]} 4. dxe4 {[%emt
00:00:03]} Qxd1+ {[%emt 00:00:09]} 5. Kxd1 {[%emt 00:00:03]} Nf6 {[%emt
00:00:59]} 6. Nfd2 {[%emt 00:00:08]} g5 {[%emt 00:05:53]} 7. Bc4 {[%emt
00:10:01]} g4 {[%emt 00:09:19]} 8. Nc3 {[%emt 00:06:27]} Nbd7 {[%emt 00:02:54]}
9. Be2 {[%emt 00:08:32]} h5 {[%emt 00:17:26]} 10. Nc4 {[%emt 00:04:37]} Bg7
{[%emt 00:06:23]} 11. Be3 {[%emt 00:10:18]} b6 {[%emt 00:18:02]} 12. a4 {[%emt
00:01:57]} a5 {[%emt 00:07:06]} 13. Bxb6 {[%emt 00:02:15]} Rb8 {[%emt
00:02:52]} 14. Bxa5 {[%emt 00:04:39]} Nc5 {[%emt 00:02:55]} 15. f3 {[%emt
00:01:07]} Be6 {[%emt 00:03:51]} 16. Rb1 {[%emt 00:13:16]} O-O {[%emt
00:01:45]} 17. Ke1 {[%emt 00:10:35]} Nfd7 {[%emt 00:05:12]} 18. Ne3 {[%emt
00:05:16]} Bh6 {[%emt 00:02:49]} 19. Kf2 {[%emt 00:00:42]} Nf6 {[%emt
00:01:38]} 20. h3 {[%emt 00:02:16]} g3+ {[%emt 00:00:56]} 21. Kxg3 {[%emt
00:01:48]} Bxe3 {[%emt 00:00:20]} 22. Rhd1 {[%emt 00:03:33]} Bh6 {[%emt
00:02:20]} 23. Bd3 {[%emt 00:01:52]} Nxd3 {[%emt 00:01:02]} 24. Rxd3 {[%emt
00:00:13]} Kh7 {[%emt 00:01:08]} 25. Kf2 h4 {[%emt 00:00:17]} 26. Bc7 Rbc8
{[%emt 00:01:00]} 27. Bh2 Nd7 {[%emt 00:01:27]} 28. Rbd1 Nc5 {[%emt 00:01:23]}
29. Rd4 Bg7 {[%emt 00:00:38]} 30. e5 Rb8 {[%emt 00:00:50]} 31. Rxh4+ Kg8 32. b3
Rbd8 33. Rhd4 f6 34. Rxd8 1-0

[Event "DVM U14 2023"]
[Site "Magdeburg GER"]
[Date "2023.12.28"]
[Round "3"]
[White "Berbig, Georg"]
[Black "Steinberger, Michael"]
[Result "0-1"]
[Termination "normal"]
[Board "9.4"]
[WhiteElo "1406"]
[BlackElo "1629"]
[WhiteClock "00:08:04"]
[BlackClock "00:06:42"]
[WhiteTeam "SSV Vimaria 91 Weimar"]
[BlackTeam "SF Augsburg"]
[PlyCount "100"]
[WhiteFideId "34640401"]
[BlackFideId "34622373"]
[EventCountry "GER"]
[EventRounds "7"]
[EventType "team-swiss"]
[EventDate "2023.12.26"]

1. e4 {[%clk 01:30:57]} {[%emt 00:00:03]} c5 {[%clk 01:30:46]} {[%emt
00:00:14]} 2. Nf3 {[%clk 01:31:14]} {[%emt 00:00:13]} e6 {[%clk 01:31:11]}
{[%emt 00:00:05]} 3. d4 {[%clk 01:31:23]} {[%emt 00:00:21]} cxd4 {[%clk
01:31:37]} {[%emt 00:00:04]} 4. Nxd4 {[%clk 01:31:48]} {[%emt 00:00:05]} Nf6
{[%clk 01:32:00]} {[%emt 00:00:07]} 5. Nc3 {[%clk 01:31:57]} {[%emt 00:00:22]}
Nc6 {[%clk 01:32:23]} {[%emt 00:00:07]} 6. Nxc6 {[%clk 01:32:16]} {[%emt
00:00:10]} bxc6 {[%clk 01:32:48]} {[%emt 00:00:06]} 7. e5 {[%clk 01:32:15]}
{[%emt 00:00:31]} Nd5 {[%clk 01:33:12]} {[%emt 00:00:06]} 8. Ne4 {[%clk
01:32:24]} {[%emt 00:00:21]} Qc7 {[%clk 01:33:35]} {[%emt 00:00:08]} 9. f4
{[%clk 01:32:37]} {[%emt 00:00:16]} Qb6 {[%clk 01:34:02]} {[%emt 00:00:04]} 10.
c4 {[%clk 01:32:11]} {[%emt 00:00:56]} Ne3 {[%clk 01:33:13]} {[%emt 00:01:18]}
11. Qd3 {[%clk 01:32:24]} {[%emt 00:00:17]} Bb4+ {[%clk 01:33:03]} {[%emt
00:00:41]} 12. Bd2 {[%clk 01:17:34]} {[%emt 00:15:20]} a5 {[%clk 01:21:50]}
{[%emt 00:11:43]} 13. a3 {[%clk 01:10:22]} {[%emt 00:07:42]} Bxd2+ {[%clk
01:13:48]} {[%emt 00:08:31]} 14. Qxd2 {[%clk 01:10:33]} {[%emt 00:00:19]} Nxf1
{[%clk 01:07:04]} {[%emt 00:07:15]} 15. Nd6+ {[%clk 01:08:21]} {[%emt
00:02:42]} Ke7 {[%clk 01:06:08]} {[%emt 00:01:25]} 16. Rxf1 {[%clk 01:08:35]}
{[%emt 00:00:16]} a4 {[%clk 00:58:41]} {[%emt 00:07:56]} 17. Rd1 {[%clk
00:50:48]} {[%emt 00:18:18]} Qa5 {[%clk 00:53:49]} {[%emt 00:05:22]} 18. Rf2
{[%clk 00:41:12]} {[%emt 00:10:06]} f5 {[%clk 00:51:13]} {[%emt 00:03:06]} 19.
exf6+ {[%clk 00:33:53]} {[%emt 00:07:49]} gxf6 {[%clk 00:51:01]} {[%emt
00:00:42]} 20. Qxa5 {[%clk 00:34:10]} {[%emt 00:00:13]} Rxa5 {[%clk 00:51:22]}
{[%emt 00:00:09]} 21. g4 {[%clk 00:33:00]} {[%emt 00:01:40]} Ba6 {[%clk
00:40:31]} {[%emt 00:11:21]} 22. f5 {[%clk 00:26:52]} {[%emt 00:06:39]} h6
{[%clk 00:35:00]} {[%emt 00:06:01]} 23. Rfd2 {[%clk 00:24:11]} {[%emt
00:03:11]} Rb8 {[%clk 00:23:10]} {[%emt 00:12:19]} 24. Ne4 {[%clk 00:13:12]}
{[%emt 00:11:29]} d5 {[%clk 00:20:20]} {[%emt 00:03:20]} 25. cxd5 {[%clk
00:12:16]} {[%emt 00:01:27]} exd5 {[%clk 00:20:43]} {[%emt 00:00:07]} 26. Nc3
{[%clk 00:10:38]} {[%emt 00:02:08]} Kf7 {[%clk 00:18:17]} {[%emt 00:02:56]} 27.
Ne2 {[%clk 00:07:41]} {[%emt 00:03:27]} Bxe2 {[%clk 00:13:57]} {[%emt
00:04:49]} 28. Rxe2 {[%clk 00:08:00]} {[%emt 00:00:11]} Rd8 {[%clk 00:07:27]}
{[%emt 00:07:01]} 29. Rc2 {[%clk 00:05:53]} {[%emt 00:02:38]} c5 {[%clk
00:07:07]} {[%emt 00:00:50]} 30. Ke2 {[%clk 00:03:02]} {[%emt 00:03:21]} Re8+
{[%clk 00:06:05]} {[%emt 00:01:32]} 31. Kf3 {[%clk 00:02:45]} {[%emt 00:00:47]}
Re5 {[%clk 00:05:58]} {[%emt 00:00:36]} 32. Re2 {[%clk 00:02:49]} {[%emt
00:00:27]} c4 {[%clk 00:04:43]} {[%emt 00:01:45]} 33. Rxe5 {[%clk 00:02:13]}
{[%emt 00:01:07]} fxe5 {[%clk 00:05:07]} {[%emt 00:00:06]} 34. Ke3 {[%clk
00:02:13]} {[%emt 00:00:31]} Rb5 {[%clk 00:04:46]} {[%emt 00:00:51]} 35. Rd2
{[%clk 00:02:22]} {[%emt 00:00:21]} Kf6 {[%clk 00:04:25]} {[%emt 00:00:51]} 36.
h4 {[%clk 00:02:42]} {[%emt 00:00:10]} h5 {[%clk 00:03:13]} {[%emt 00:01:43]}
37. gxh5 {[%clk 00:02:24]} {[%emt 00:00:48]} Kxf5 {[%clk 00:03:31]} {[%emt
00:00:11]} 38. Rg2 {[%clk 00:02:47]} {[%emt 00:00:08]} Rb3+ {[%clk 00:03:28]}
{[%emt 00:00:32]} 39. Kf2 {[%clk 00:03:05]} {[%emt 00:00:12]} Rxb2+ {[%clk
00:03:38]} {[%emt 00:00:20]} 40. Kf1 {[%clk 00:03:32]} {[%emt 00:00:03]} Rxg2
{[%clk 00:03:56]} {[%emt 00:00:13]} 41. Kxg2 {[%clk 00:04:00]} {[%emt
00:00:03]} c3 {[%clk 00:04:06]} {[%emt 00:00:20]} 42. Kf3 {[%clk 00:04:22]}
{[%emt 00:00:08]} c2 {[%clk 00:04:23]} {[%emt 00:00:13]} 43. Ke3 {[%clk
00:04:49]} {[%emt 00:00:02]} c1=Q+ {[%clk 00:04:46]} {[%emt 00:00:07]} 44. Kd3
{[%clk 00:05:18]} {[%emt 00:00:01]} Qxa3+ {[%clk 00:04:49]} {[%emt 00:00:27]}
45. Ke2 {[%clk 00:05:44]} {[%emt 00:00:04]} e4 {[%clk 00:05:00]} {[%emt
00:00:19]} 46. Kd2 {[%clk 00:06:13]} {[%emt 00:00:02]} d4 {[%clk 00:05:22]}
{[%emt 00:00:07]} 47. Ke2 {[%clk 00:06:41]} {[%emt 00:00:02]} Qa2+ {[%clk
00:05:45]} {[%emt 00:00:07]} 48. Kd1 {[%clk 00:07:08]} {[%emt 00:00:04]} e3
{[%clk 00:06:08]} {[%emt 00:00:07]} 49. Ke1 {[%clk 00:07:36]} {[%emt 00:00:02]}
d3 {[%clk 00:06:24]} {[%emt 00:00:14]} 50. Kf1 {[%clk 00:08:04]} {[%emt
00:00:02]} Qf2# {[%clk 00:06:42]} {[%emt 00:00:10]} 0-1